000 00770nam a22003130a 4500
001 PT58332
003 AR-LpoUNG
005 20210131231851.0
008 191001s2001||||sp |||||||||||||||||spa d
020 _a842641317X
_c$26
040 _aAR-LpoUNG
_bspa
_cAR-LpoUNG
_eaacr
041 _aspa
044 _asp
082 0 _aA863 695pro
100 1 _aPizarnik, Alejandra
245 1 0 _aProsa completa
250 _a1ra. ed.
260 _aBarcelona :
_bLumen,
_c2001.
300 _a319 p. :
_bfot.
650 4 _aARGENTINA
650 4 _aLITERATURA
650 4 _aPOESIA
651 4 _aDOCUMENTOS TEORICOS O METODOLOGICOS
653 _aLITERATURA ARGENTINA
700 1 _aBecciu, Ana
_eed.
700 1 _aNuño, Ana
_epról.
905 _a58332
942 _cLIB
999 _c12308
_d12308